000 00363nam a22001457a 4500
003 OSt
008 250530b |||||||| |||| 00| 0 eng d
020 _a9788124606322
100 _aSINGH, Bal Ram
245 _aScience and Technology in Ancient Indian Text
260 _aNew Delhi
_bD.k.Printworld
_c2024
300 _a318
650 _aGeneral
942 _2ddc
_cBK
999 _c13629
_d13629